000 00899nam a2200289 a 4500
001 000027550
005 20200120222128.0
008 060201s2005 col0 gr0 000 d
020 _a958-38-0107-0
090 _aAC
_bGIR
100 0 _aGiraldo, Luz Mary
245 1 0 _aCuentos y relatos de la literatura colombiana /
_cselección y textos: Luz Mary Giraldo.
250 _a1a. ed.
260 _aBogotá :
_bFondo de Cultura Económica,
_c2005.
300 _a2 v.
490 0 _aTierra firme
500 _av.1 ej.1 de Mosquera donado por la Biblioteca Nacional - PNLB 2012.
650 1 4 _aCUENTO COLOMBIANO
650 1 4 _aLITERATURA COLOMBIANA
650 1 4 _aORIGINALIDAD LITERARIA
650 1 4 _aMITOLOGIA
650 1 4 _aINDIGENAS COLOMBIANOS
650 1 4 _aCUENTOS POPULARES COLOMBIANOS
650 1 4 _aRELATOS
651 _aCOLOMBIA
901 _aCompra, Fondo de Cultura Económica, 2005,
999 _c1533
_d1533